000 00353nam a2200133 i 4500
001 bg
100 1 _aSAJFULLIN, R. S.
245 0 _aFizikochimija neorganiczeskich nolimernych i kompozicionnych materialov /
_cR.S. Sajfullin.
260 _aMoskwa,
_c1990.
040 _cBPK
041 _apol
942 _cKS
008 s pl f |000 0 pol
999 _c29342
_d29342
856 _uhttp://koha.tu.koszalin.pl/cgi-bin/koha/opac-detail.pl?biblionumber=29342
_yKatalog online BPK